Professional catering: Modern caterer's complete guide to success (Record no. 19416)

MARC details
000 -LEADER
fixed length control field 00489nam a2200169Ia 4500
008 - FIXED-LENGTH DATA ELEMENTS--GENERAL INFORMATION
fixed length control field 230917s9999||||xx |||||||||||||| ||und||
020 ## - ISBN
Price RS995
040 ## - CATALOGING SOURCE
-- 234869
Original cataloging agency VIVEKANANDA LIBRARY
041 ## - Language
-- English
082 ## - DDC NUMBER
Classification number 642.4 S63P
100 ## - MAIN ENTRY--PERSONAL NAME
Personal name Shiring, Stephen B
245 #0 - TITLE STATEMENT
Title Professional catering: Modern caterer's complete guide to success
260 ## - PUBLICATION, DISTRIBUTION, ETC. (IMPRINT)
Place of publication, distribution, etc New Delhi
Name of publisher, distributor, etc Cengage Learning
Date of publication, distribution, etc 2014
300 ## - PHYSICAL DESCRIPTION
Pages xiv, 428 p.
500 ## - GENERAL NOTE
General note 2404 07/10/2016 HBD16/6715 23/11/2016 IHTM (SFS)
942 ## - ADDED ENTRY ELEMENTS (KOHA)
Koha item type Books
Holdings
Withdrawn status Lost status Damaged status Not for loan Location (home branch) Sublocation or collection (holding branch) Shelving location Date acquired Koha issues (times borrowed) Koha full call number Accession No. Koha date last seen Koha item type
        VIVEKANANDA LIBRARY VIVEKANANDA LIBRARY IHTM Library 18/01/2017   642.4 S63P 360005 17/09/2023 Books
© Designed and Maintained by Vivekananda Library, MDU Rohtak